[Event "Aalborg Larsen Memorial"]
[Site "Aalborg"]
[Date "2018.10.16"]
[Round "4"]
[White "Lauritzen, Einar"]
[Black "Hammar, Bengt Erik"]
[Result "0-1"]
[WhiteElo "1997"]
[BlackElo "2178"]
[PlyCount "114"]
[EventDate "2018.10.13"]
[EventType "swiss"]
[EventRounds "7"]
[EventCountry "DEN"]
[SourceTitle "CBM 186 Extra"]
[Source "ChessBase"]
[SourceDate "2018.08.24"]
[SourceVersion "1"]
[SourceVersionDate "2018.08.24"]
[SourceQuality "1"]

1. d4 Nf6 2. Nf3 g6 3. c4 Bg7 4. g3 0-0 5. Bg2 d6 6. 0-0 Nbd7 7. Nc3 e5 8. e4 c6 9. h3 Qe7 10. Re1 Ne8 11. b3 Nc7 12. Ba3 exd4 13. Nxd4 Qf6 14. Nde2 Nc5 15. Bb2 Qe7 16. Qc2 a5 17. Rad1 N7a6 18. a3 Qc7 19. Na2 Be5 20. Nd4 Qb6 21. Re3 Ne6 22. Nxe6 Bxe6 23. Bxe5 dxe5 24. Qc3 Rfd8 25. Ree1 Qc5 26. a4 f6 27. Nc1 Qb6 28. Nd3 Rd4 29. Bf1 Rad8 30. Rb1 Nc5 31. Nxc5 Qxc5 32. b4 axb4 33. Qxb4 Qxb4 34. Rxb4 Bc8 35. Rb3 Kf8 36. a5 Ke7 37. h4 Rd1 38. Rb1 Rxe1 39. Rxe1 Rd2 40. Ra1 Kd6 41. Ra3 Kc5 42. Rf3 f5 43. exf5 gxf5 44. Rb3 Ra2 45. Rd3 Rxa5 46. Rd8 Be6 47. Re8 Kd6 48. Rh8 b5 49. cxb5 cxb5 50. Rxh7 Ra1 51. Kg2 Bd5+ 52. f3 b4 53. Rh8 Kc7 54. Rh7+ Kb6 55. Rh8 b3 56. Bd3 e4 57. Rb8+ Kc7 0-1

[Event "Paleochora op 8th"]
[Site "Paleochora"]
[Date "2015.07.19"]
[Round "4"]
[White "Lauritzen, Einar"]
[Black "Naoum, Spyridon"]
[Result "0-1"]
[WhiteElo "1944"]
[BlackElo "2194"]
[PlyCount "64"]
[EventDate "2015.07.17"]
[EventType "swiss"]
[EventRounds "9"]
[EventCountry "GRE"]
[SourceTitle "CBM 167 Extra"]
[Source "ChessBase"]
[SourceDate "2015.09.14"]
[SourceVersion "1"]
[SourceVersionDate "2015.09.14"]
[SourceQuality "1"]

1. Nf3 Nf6 2. c4 g6 3. Nc3 Bg7 4. g3 0-0 5. Bg2 d6 6. d4 Nc6 7. d5 Na5 8. Nd2 c5 9. 0-0 a6 10. Rb1 Rb8 11. Qc2 b5 12. b3 Bd7 13. Bb2 Bh6 14. Nce4 Nxe4 15. Nxe4 bxc4 16. bxc4 Rb4 17. Nd2 Bxd2 18. Qxd2 Nxc4 19. Qc3 Nxb2 20. Rxb2 Qb6 21. Rfb1 Rb8 22. Rb3 a5 23. h4 a4 24. Rxb4 cxb4 25. Qd2 b3 26. axb3 axb3 27. Qg5 f6 28. Qh6 Qd4 29. h5 Bf5 30. e4 Bxe4 31. Re1 b2 32. Bxe4 Qxe4 0-1

[Event "Paleochora op 5th"]
[Site "Paleochora"]
[Date "2012.07.17"]
[Round "2"]
[White "Lauritzen, Einar"]
[Black "Girya, Olga"]
[Result "0-1"]
[WhiteElo "2003"]
[BlackElo "2414"]
[PlyCount "112"]
[EventDate "2012.07.16"]
[EventType "swiss"]
[EventRounds "9"]
[EventCountry "GRE"]
[SourceTitle "CBM 149 Extra"]
[Source "ChessBase"]
[SourceDate "2012.08.24"]
[SourceVersion "1"]
[SourceVersionDate "2012.08.24"]
[SourceQuality "1"]

1. d4 d5 2. Nf3 Nf6 3. c4 c6 4. e3 Bf5 5. Nc3 e6 6. Be2 h6 7. 0-0 Nbd7 8. Bd2 Be7 9. Qb3 Rb8 10. Rfc1 0-0 11. cxd5 exd5 12. Na4 a5 13. Bd3 Ne4 14. Be1 Bd6 15. Qc2 Re8 16. a3 Ndf6 17. b4 axb4 18. axb4 Bg4 19. Ne5 Bc8 20. b5 c5 21. f3 cxd4 22. exd4 Ng5 23. Nc5 Ne6 24. Nxe6 Bxe6 25. Ba5 Qe7 26. Bc7 Rbc8 27. b6 Bxc7 28. bxc7 Qb4 29. Qc3 Qxc3 30. Rxc3 Re7 31. Rac1 Ne8 32. Bb5 Rexc7 33. Rc5 Rxc5 34. dxc5 Nf6 35. Kf2 Ra8 36. Rc2 Ra3 37. c6 bxc6 38. Nxc6 g6 39. Nd4 Bd7 40. Bxd7 Nxd7 41. Rc6 Ra2+ 42. Kg3 Rd2 43. Rd6 Rxd4 44. Rxd7 Kf8 45. f4 Ke8 46. Ra7 g5 47. fxg5 hxg5 48. Kf3 Rd2 49. h3 Kf8 50. g3 Kg7 51. Rd7 Rd3+ 52. Kg4 Kf6 53. h4 Rd4+ 54. Kh5 Ke6 55. Ra7 gxh4 56. gxh4 f5 0-1